Chuan zhu : Jing li pian

Bibliographic Details
Main Author: Aying
Format: Book
Published: Changsha : Hunan mei shu chu ban she , 2007
Series:Shuo gong fang mei hua sheng huo qing qu DIY xi lie : 2
Subjects:

MARC

LEADER 00000cam a2200000 7i4500
001 0000024470
005 20081224.0
008 081224
020 |a 7535625861 
090 0 0 |a 745.5942   |b AYI 
100 1 |a Aying 
245 1 0 |a Chuan zhu :   |b Jing li pian   |c Aying bi an zhu 
260 |a Changsha :   |b Hunan mei shu chu ban she ,   |c 2007 
440 |a Shuo gong fang mei hua sheng huo qing qu DIY xi lie : 2 
650 0 |a Beadwork 
650 0 |a Jewelry making 
999 |a 0001031198   |b Book   |c Chinese Collection   |e Perbadanan Perpustakaan Awam Johor